Diplomaosztó és doktoravatás

Elmentve itt :
Bibliográfiai részletek
Dokumentumtípus: Cikk
Megjelent: 2005-07-04
Sorozat:Délmagyarország 95 No. 154
Kulcsszavak:Diplomaosztás
Online Access:http://dmarchiv.bibl.u-szeged.hu/126080
LEADER 00402nab a2200145 i 4500
001 delm126080
005 20191203090636.0
008 191203s2005 hu o 0|| hun d
040 |a SZTE Délmagyarország Archívum  |b hun 
041 |a hun 
245 0 0 |a Diplomaosztó és doktoravatás  |h [elektronikus dokumentum] 
260 |c 2005-07-04 
300 |a 4 
490 0 |a Délmagyarország  |v 95 No. 154 
695 |a Diplomaosztás